00423 2200169 4500001002100000005001500021008004100036020002200077035001900099041000700118082001000125090001600135100002600151245002600177260002600203300002400229INLIS00000000002159620241224131107241224||||||||| | ||| |||| || |  a978-602-17308-8-1 0010-1224021596 aid0 a155.2 a155.2 WIN s0 aWinkanda Satria Putra00a99 PERMAINAN EDUKATIF adepokbKatahatic2016 a224 hlm.;23 x 15 cm